Normal view
MARC view
- FEEDBACK CONTROL SYSTEMS.CONTROL SYSTEMS ENGINEERING.SCHAUM OUTLINES
Entry Topical Term
001 - CONTROL NUMBER
- control field: 65459
003 - CONTROL NUMBER IDENTIFIER
- control field: NUST
005 - DATE AND TIME OF LATEST TRANSACTION
- control field: 20210628203433.0
008 - FIXED-LENGTH DATA ELEMENTS
- fixed length control field: 210628|| aca||aabn | a|a d
040 ## - CATALOGING SOURCE
- Original cataloging agency: NUST
- Transcribing agency: NUST
150 ## - HEADING--TOPICAL TERM
- Topical term or geographic name entry element: FEEDBACK CONTROL SYSTEMS.CONTROL SYSTEMS ENGINEERING.SCHAUM OUTLINES
670 ## - SOURCE DATA FOUND
- Source citation: Work cat.: (NUST): Distefano, Joseph J, Stubberud, Allen R, Williams, Ivan.J 65458, Feedback and control systems, 2007
